| 000 | 00364nam a2200145 i 4500 | ||
|---|---|---|---|
| 001 | bg | ||
| 100 | 1 | _aVAKIN, S. A. | |
| 245 | 0 |
_aZasady przeciwdziaĆania radioelektronicznego / _cS.A. Vakin, L.N. Sustov. |
|
| 260 |
_aWarszawa, _c1972. |
||
| 700 | 1 | _aSUSTOV, L. N. | |
| 040 | _cBPK | ||
| 041 | _apol | ||
| 942 | _cKS | ||
| 008 | s pl f |000 0 pol | ||
| 999 |
_c26640 _d26640 |
||
| 856 |
_uhttp://koha.tu.koszalin.pl/cgi-bin/koha/opac-detail.pl?biblionumber=26640 _yKatalog online BPK |
||